[Event "Corfu op"]
[Site "Corfu"]
[Date "1991.??.??"]
[Round "9"]
[White "Zsinka, Laszlo"]
[Black "Kuijf, Marinus"]
[Result "0-1"]
[WhiteElo "2375"]
[BlackElo "2440"]

1.d4 d5 2.c4 e6 3.Nc3 c6 4.e3 Nf6 5.Nf3 Nbd7 6.Bd3 dxc4 7.Bxc4 b5 8.Be2 Be7
9.O-O O-O 10.a3 b4 11.axb4 Bxb4 12.Qa4 Qb6 13.Nd2 a5 14.Nc4 Qc7 15.Qc2 Bb7
16.Bd2 c5 17.dxc5 Qxc5 18.Na4 Qg5 19.f3 Nd5 20.Rf2 Rfc8 21.f4 Qe7 22.b3 N7f6
23.Bf3 Rd8 24.Rd1 Rac8 25.Qb1 Ra8 26.Qc2 h6 27.h3 Qc7 28.Qb1 Bc6 29.Bxb4 axb4
30.Ncb2 Nc3 31.Rxd8+ Rxd8 32.Qe1 Nfd5 33.Rc2 Qa7 34.Kh2 Bxa4 35.Nxa4 Qxe3  0-1

[Event "DEN-chB"]
[Site "DEN"]
[Date "1991.??.??"]
[Round "2"]
[White "Hansen, Carsten"]
[Black "Rodgaard, John"]
[Result "0-1"]
[WhiteElo "2300"]
[BlackElo "2350"]

1.d4 e6 2.c4 d5 3.Nc3 c6 4.e3 Nf6 5.Nf3 Nbd7 6.Bd3 Be7 7.O-O O-O 8.e4 dxe4
9.Nxe4 c5 10.dxc5 Nxe4 11.Bxe4 Nxc5 12.Bc2 a5 13.Qe2 b6 14.Bf4 Bb7 15.Rfd1 Qc8
16.Nd4 Re8 17.Nb5 Qc6 18.f3 e5 19.Be3 e4 20.f4 Nd3 21.Nd4 Qxc4 22.Bb3 Qc7
23.Qg4 Bc5 24.Rac1 Nxc1 25.Rxc1 Qd8 26.Rxc5 bxc5 27.Nf5 Qf6 28.Ng3 Qg6 29.Qd7 Bc6
30.Qc7 Rad8 31.f5 Qf6 32.Nh5 Qxf5 33.Ng3 Qd7 34.Qxa5 Bd5 35.Ba4 Bc6 36.Bb3 c4
37.Bxc4 Qd1+ 38.Nf1 Bd5 39.Bb5 Ra8 40.Qb4 Reb8 41.a4 Bc6 42.Qc4 Bxb5 43.axb5 Qd3
44.Qxd3 exd3 45.b6 Ra2  0-1

[Event "DEN-chT"]
[Site "DEN"]
[Date "1991.??.??"]
[Round "3"]
[White "Pedersen, Svend"]
[Black "Hamann, Svend"]
[Result "1-0"]
[WhiteElo "2220"]
[BlackElo "2380"]

1.d4 d5 2.c4 c6 3.Nf3 Nf6 4.Nc3 e6 5.e3 Nbd7 6.Bd3 Bd6 7.O-O O-O 8.e4 dxe4
9.Nxe4 Nxe4 10.Bxe4 c5 11.Bc2 Qc7 12.b3 cxd4 13.Qxd4 Rd8 14.Rd1 Nf8 15.Bf4 e5
16.Bxe5 Bxe5 17.Qxe5 Qxe5 18.Nxe5 Be6 19.Be4 Rxd1+ 20.Rxd1 Rb8 21.f4 f6 22.Nf3 b6
23.Kf2 Kf7 24.Nd4 Bd7 25.Bd5+ Ke7 26.Bc6 Bg4 27.Re1+ Kd6 28.h3 Ne6 29.Nb5+ Kxc6
30.hxg4 Kd7 31.Rd1+ Ke8 32.Kf3 a6 33.Nd6+ Kf8 34.Ke4 Rd8 35.Kd5 Nxf4+ 36.Kc6 Nxg2
37.Kc7 Ra8 38.Kxb6 Ne3 39.Rd4 g5 40.Re4 Nxg4 41.Rxg4 h5 42.Rg1 h4 43.c5 Ke7
44.Re1+ Kd7 45.Kb7 Rf8 46.Nf5 Rf7 47.c6+ Kd8+ 48.Re7 Rxe7+ 49.Nxe7 Kxe7 50.c7  1-0

[Event "DEN-chB"]
[Site "DEN"]
[Date "1991.??.??"]
[Round "6"]
[White "Pedersen, Steffen"]
[Black "Brautsch, Soren"]
[Result "1-0"]
[WhiteElo "2280"]
[BlackElo "2230"]

1.d4 d5 2.c4 e6 3.Nc3 c6 4.e3 Nf6 5.Nf3 Nbd7 6.Bd3 dxc4 7.Bxc4 b5 8.Be2 Bb7
9.O-O h6 10.a3 a6 11.b4 Bd6 12.Nd2 a5 13.Rb1 Qe7 14.Qb3 O-O 15.Bf3 Rfb8 16.Nde4 Bc7
17.Nxf6+ Nxf6 18.g3 Nd7 19.e4 Qf6 20.Bg2 e5 21.d5 Nb6 22.Nd1 Rd8 23.Ne3 a4
24.Qa2 Rd7 25.Rd1 Rad8 26.Rb2 Bd6 27.Rc2 Rc7 28.Bb2 cxd5 29.Rxc7 Bxc7 30.exd5 h5
31.Qb1 Nc8 32.Qd3 Qb6 33.Rc1 Ne7 34.Rc5 Ba6 35.Nf5 Ng6 36.Qc2 Bb8 37.Rc6 Qa7
38.d6 Rd7 39.Qc5 Qb7 40.Ne7+ Nxe7 41.dxe7  1-0

[Event "Dortmund-C"]
[Site "Dortmund"]
[Date "1991.??.??"]
[Round "2"]
[White "Sakaev, Konstantin"]
[Black "Thesing, Matthias"]
[Result "0-1"]
[WhiteElo "2450"]
[BlackElo "2405"]

1.d4 d5 2.c4 e6 3.Nc3 c6 4.e3 Nf6 5.Nf3 Nbd7 6.Bd3 a6 7.e4 dxc4 8.Bxc4 c5
9.e5 Ng4 10.Be3 Qc7 11.Bb3 cxd4 12.Bxd4 Ngxe5 13.Nxe5 Nxe5 14.O-O Nc6 15.Re1 Nxd4
16.Qxd4 Qc5 17.Qe4 Be7 18.Rad1 O-O 19.Rd3 Bf6 20.Rf3 Qd4 21.Qb1 b5 22.Rd1 Qe5
23.Bc2 h6 24.Re1 Qc7 25.Qd1 Rd8 26.Qe2 Bb7 27.Be4 Rac8 28.Bxb7 Qxb7 29.Ne4 Bxb2
30.Rg3 Be5 31.Rh3 Rd4 32.g4 Rcc4 33.Re3 Bf4 34.Qf3 Qc7 35.R3e2 Bg5 36.h3 Be7
37.Qe3 Qc6 38.Nd2 Rxg4+ 39.hxg4 Rxg4+ 40.Qg3 Rxg3+ 41.fxg3 b4 42.Rb1 Bc5+
43.Kh2 Qd5  0-1

[Event "Dortmund op"]
[Site "Dortmund"]
[Date "1991.??.??"]
[Round "3"]
[White "Von Alvensleben, Wolfram"]
[Black "Kiss, Pal"]
[Result "1-0"]
[WhiteElo "2240"]
[BlackElo "2430"]

1.d4 d5 2.Nf3 Nf6 3.c4 c6 4.Nc3 e6 5.e3 Nbd7 6.Bd3 dxc4 7.Bxc4 b5 8.Be2 Bb7
9.e4 b4 10.e5 bxc3 11.exf6 Nxf6 12.bxc3 Bd6 13.O-O Qc7 14.c4 c5 15.d5 exd5
16.cxd5 O-O 17.Bc4 Rad8 18.Bb2 Nxd5 19.Qc2 Be7 20.Be5 Qc6 21.Rab1 Ba6 22.Rfe1 Bxc4
23.Qxc4 Nb6 24.Qc2 Rd7 25.Nd4 Qa4 26.Qxa4 Nxa4 27.Nf5 f6 28.Bg3 Rf7 29.Rb8+ Bf8
30.h3 Rb7 31.Rbe8 c4 32.Nd6 c3 33.Nxb7 Rxb7 34.Bd6 Rf7 35.Rd8 Nb6 36.Ree8 Nd7
37.Rxd7 c2 38.Rxf8+ Rxf8 39.Rc7 Rd8 40.Bf4  1-0

[Event "Dortmund-B"]
[Site "Dortmund"]
[Date "1991.??.??"]
[Round "7"]
[White "Stangl, Markus"]
[Black "Renet, Olivier"]
[Result "1/2-1/2"]
[WhiteElo "2480"]
[BlackElo "2470"]

1.Nf3 d5 2.c4 c6 3.d4 Nf6 4.Nc3 e6 5.e3 Nbd7 6.Qc2 Bd6 7.Be2 O-O 8.O-O dxc4
9.Bxc4 e5 10.h3 exd4 11.exd4 Nb6 12.Bb3 Nbd5 13.Bg5 Nc7 14.Rad1 Be6 15.Rfe1 Bxb3
16.Qxb3 Rb8 17.Ne5 Be7 18.d5 cxd5 19.Bxf6 Bxf6 20.Nxd5 Nxd5 21.Rxd5 Qe8 22.Re3 Bxe5
23.Rdxe5 Qc6 24.Re7 a6 25.Rf3 Qg6 26.Rxb7 Rxb7 27.Qxb7 Qb1+ 28.Kh2 Qxa2 29.Qb6 Qd5  1/2-1/2

[Event "Dortmund op"]
[Site "Dortmund"]
[Date "1991.??.??"]
[Round "8"]
[White "Kiss, Pal"]
[Black "Trichkov, Vasil"]
[Result "1-0"]
[WhiteElo "2430"]
[BlackElo "2290"]

1.d4 d5 2.c4 c6 3.Nc3 Nf6 4.e3 e6 5.Nf3 Nbd7 6.Qc2 Bd6 7.Be2 dxc4 8.Bxc4 e5
9.O-O O-O 10.h3 Qe7 11.Bb3 c5 12.Bd2 a6 13.Rac1 b5 14.Nd5 Nxd5 15.Bxd5 Rb8
16.dxc5 Bxc5 17.Rfd1 Rb6 18.b4 Bd6 19.e4 Nf6 20.Qxc8 Rxc8 21.Rxc8+ Ne8 22.Ng5 Rb8
23.Nxf7 Kf8 24.Ng5 Qd7 25.Ne6+ Ke7 26.Bg5+ Nf6 27.Rxb8 Bxb8 28.Nxg7 Kf8 29.Bxf6 Qd6
30.Ne6+ Kf7 31.Bh4 Qxb4 32.Bb3 Bd6 33.Nd4+ Kg6 34.Nf5 Bf8 35.Bd5 a5 36.Kh2 h5
37.Rd3 Kh7 38.Rg3  1-0

[Event "Telecom op"]
[Site "Dublin"]
[Date "1991.??.??"]
[Round "?"]
[White "Wells, Peter K"]
[Black "Kaidanov, Grigory S"]
[Result "0-1"]
[WhiteElo "2460"]
[BlackElo "2540"]

1.Nf3 d5 2.d4 Nf6 3.c4 e6 4.Nc3 c6 5.e3 Nbd7 6.Bd3 dxc4 7.Bxc4 b5 8.Bd3 Bb7
9.e4 b4 10.Na4 c5 11.e5 Nd5 12.O-O cxd4 13.Nxd4 Nxe5 14.Bb5+ Nd7 15.Re1 Rc8
16.Qh5 g6 17.Qe5 Qf6 18.Qe4 Rc7 19.Qg4 Be7 20.Bh6 a6 21.Bxd7+ Kxd7 22.Rad1 Kc8
23.Nxe6 fxe6 24.Rxe6 Qf5 25.Qxf5 gxf5 26.Rxd5 Bxd5 27.Nb6+ Kb7 28.Nxd5 Rd8
29.Re5 Bf8 30.Bg5 h6 31.h4 hxg5 32.Nxc7 Rd1+ 33.Kh2 Bd6  0-1

[Event "Dublin op"]
[Site "Dublin"]
[Date "1991.??.??"]
[Round "?"]
[White "Daly, Colm"]
[Black "Barry, Colm"]
[Result "1/2-1/2"]
[WhiteElo "2220"]
[BlackElo "2255"]

1.c4 c6 2.d4 d5 3.Nf3 Nf6 4.e3 e6 5.Nc3 b6 6.Bd3 Ba6 7.Qe2 Bb4 8.O-O O-O
9.Rd1 Nbd7 10.Bd2 Qe7 11.a3 Bxc3 12.Bxc3 c5 13.b4 dxc4 14.Bxc4 Nd5 15.Be1 Bxc4
16.Qxc4 cxb4 17.Bxb4 Nxb4 18.axb4 Rfc8  1/2-1/2

[Event "Eger op"]
[Site "Eger"]
[Date "1991.??.??"]
[Round "?"]
[White "Seres, Lajos"]
[Black "Feher, Gyula"]
[Result "1/2-1/2"]
[WhiteElo "2270"]
[BlackElo "2375"]

1.d4 Nf6 2.Nf3 e6 3.c4 d5 4.Nc3 c6 5.e3 Nbd7 6.Bd3 dxc4 7.Bxc4 b5 8.Bd3 a6
9.e4 c5 10.e5 cxd4 11.Nxb5 axb5 12.exf6 Qb6 13.fxg7 Bxg7 14.O-O O-O 15.Re1 Bb7
16.Bf4 Bd5 17.Ne5 Nxe5 18.Bxe5 Bxe5 19.Rxe5 f5 20.Qd2 Ra7 21.Qh6 Qb8 22.Rae1 Rg7
23.Rxd5 exd5 24.Qe6+ Kh8 25.Qxd5 Qb7 26.Re5 b4  1/2-1/2

[Event "FIN-chT"]
[Site "FIN"]
[Date "1991.??.??"]
[Round "?"]
[White "Yrjola, Jouni"]
[Black "Osterman, Georg"]
[Result "1-0"]
[WhiteElo "2505"]
[BlackElo "2260"]

1.d4 d5 2.c4 c6 3.Nc3 Nf6 4.e3 e6 5.Nf3 Be7 6.Bd3 dxc4 7.Bxc4 b5 8.Bd3 Bb7
9.O-O Nbd7 10.e4 b4 11.Na4 c5 12.e5 Nd5 13.Nxc5 Nxc5 14.dxc5 Bxc5 15.Ng5 Qb6
16.Qe2 h6 17.Ne4 Be7 18.Bd2 O-O 19.Qg4 Kh8 20.Ng3 f5 21.Qg6 Qd4 22.Bxh6 gxh6
23.Qxh6+ Kg8 24.Qg6+ Kh8 25.Qh6+ Kg8 26.Qxe6+ Rf7 27.Nxf5 Qxd3 28.Nh6+ Kg7
29.Nxf7 Qe4 30.f3 Bc5+ 31.Kh1 Qh4 32.g3 Qh5 33.Nd6 Rh8 34.Nf5+ Kf8 35.Nh4 Ne3
36.Ng6+ Kg7 37.Qf6+ Kg8 38.Qxh8+ Qxh8 39.Nxh8 Nxf1 40.Rxf1 Kxh8 41.Kg2 Bd5
42.Rc1 Bb6 43.b3 a5 44.Rd1 Bg8 45.e6 Kg7 46.e7 Kf7 47.Rd8  1-0

[Event "FIN-chT"]
[Site "FIN"]
[Date "1991.??.??"]
[Round "?"]
[White "Yrjola, Jouni"]
[Black "Kekki, Petri"]
[Result "0-1"]
[WhiteElo "2505"]
[BlackElo "2275"]

1.c4 e6 2.Nc3 d5 3.d4 c6 4.e3 Nf6 5.Nf3 Be7 6.Bd3 dxc4 7.Bxc4 c5 8.Qe2 a6
9.dxc5 Bxc5 10.O-O Nc6 11.a3 Qc7 12.b4 Bd6 13.Bb2 b5 14.Bd3 Ng4 15.h3 Nge5
16.Rac1 Bb7 17.Ne4 Nxd3 18.Qxd3 Rd8 19.Qc2 f6 20.Rfd1 O-O 21.Neg5 fxg5 22.Nxg5 Bh2+
23.Kh1 Rxd1+ 24.Rxd1 Rf5 25.f4 Rxg5 26.fxg5 Bd6 27.Qd3 Be7 28.Qd7 Qxd7 29.Rxd7 Ba8
30.Bd4 Kf7 31.Bc5 e5 32.Bxe7 Nxe7 33.Ra7 Bc6 34.Rxa6 Bd7 35.Kg1 Nd5 36.Kf2 Ke7
37.h4 e4 38.h5 Nc7 39.Rb6 Ne6 40.h6 g6 41.Rb8 Nxg5 42.Rh8 Kf6 43.Kg3 Be6
44.Rb8 Bc4 45.Rc8 Nf7 46.Rc6+ Ke5 47.Rc5+ Kd6 48.a4 Nxh6 49.a5 Nf5+ 50.Kf4 Ng7
51.Kxe4 Ne6 52.Re5 Bd3+  0-1

[Event "FIN-chT"]
[Site "FIN"]
[Date "1991.??.??"]
[Round "?"]
[White "Ojanen, Kaarle Sakari"]
[Black "Norri, Joose"]
[Result "0-1"]
[WhiteElo "2350"]
[BlackElo "2325"]

1.d4 d5 2.c4 c6 3.Nc3 Nf6 4.Nf3 e6 5.e3 Nbd7 6.Qc2 Bd6 7.Bd2 O-O 8.O-O-O e5
9.cxd5 cxd5 10.Nb5 Bb8 11.Bb4 Re8 12.Nd6 Bxd6 13.Bxd6 e4 14.Nd2 Nb6 15.Bc5 Bg4
16.f3 exf3 17.gxf3 Bh5 18.Qb3 Bg6 19.Bh3 Nbd7 20.Rde1 Rc8 21.Qxb7 Qa5 22.Bxd7 Rxc5+
23.Kd1 Rc2 24.Re2 Qxa2 25.e4 Rxb2  0-1

[Event "Forli op"]
[Site "Forli"]
[Date "1991.??.??"]
[Round "7"]
[White "Berg, Klaus"]
[Black "Lagumina, Giulio"]
[Result "1-0"]
[WhiteElo "2420"]
[BlackElo "2265"]

1.d4 d5 2.c4 e6 3.Nf3 Nf6 4.Nc3 c6 5.e3 Nbd7 6.Bd3 dxc4 7.Bxc4 b5 8.Bd3 a6
9.O-O c5 10.Qe2 Bb7 11.Rd1 Qb6 12.a4 b4 13.a5 Qc7 14.Na4 Bd6 15.dxc5 Nxc5
16.Nxc5 Bxc5 17.h3 O-O 18.e4 e5 19.Bg5 Ne8 20.Rdc1 Qd6 21.Nd2 Nc7 22.Nc4 Qg6
23.Be3 Bxe3 24.Qxe3 Rae8 25.Qb6 Qxb6 26.axb6 Na8 27.Nd6 Rb8 28.Rc7 Rbd8 29.Nxb7 Rxd3
30.Rc6 Rd2 31.Nc5 Nxb6 32.Rxb6 Rxb2 33.Nd3 Re2 34.Rxb4  1-0

[Event "FRA-chT"]
[Site "FRA"]
[Date "1991.??.??"]
[Round "?"]
[White "Zawadski, Stephane"]
[Black "Peyrat, Olivier"]
[Result "0-1"]
[WhiteElo "2250"]
[BlackElo "2200"]

1.d4 d5 2.c4 c6 3.Nf3 Nf6 4.Nc3 e6 5.e3 Nbd7 6.Bd3 dxc4 7.Bxc4 b5 8.Be2 Bb7
9.O-O b4 10.Na4 Be7 11.Qc2 Rc8 12.Rd1 O-O 13.Bd2 a5 14.Be1 c5 15.dxc5 Qc7
16.Rac1 Nxc5 17.Rd4 Qb8 18.Nb6 Rcd8 19.Nc4 Be4 20.Qd2 Qa7 21.Nce5 h6 22.h3 Ba8
23.Bc4 Nfe4 24.Qe2 Qb8 25.Rcd1 Bf6 26.Nd7 Nxd7 27.Rxd7 Rxd7 28.Rxd7 Bc6 29.Rd1 Rd8
30.Nd4 Ba8 31.f3 Nc5 32.Rc1 Qb6 33.Bf2 g6 34.Nb3 Nxb3 35.Bxb3 Bb7 36.Rd1 Rxd1+
37.Bxd1 Ba6 38.Qd2 Be7 39.Bb3 Bc5 40.Bd1 Kg7 41.e4 e5 42.Bxc5 Qxc5+ 43.Kh2 Bb5
44.Bb3 Bc6 45.Qd8 a4 46.Bd5 Qd4 47.b3 a3 48.Qd6 Bb7 49.Qd7 Bxd5 50.exd5 Qf4+
51.Kh1 Qc1+ 52.Kh2 Qf4+ 53.Kh1 e4 54.fxe4 Qf1+ 55.Kh2 Qf4+ 56.Kh1 Qf1+ 57.Kh2 Qf4+
58.Kh1 Qxe4 59.d6 Qe1+ 60.Kh2 Qe5+ 61.Kh1 Qa1+ 62.Kh2 Qxa2 63.Qe7 Qd2 64.Qe5+ Kh7
65.Qf6 Qd5 66.Qe7 a2 67.d7 a1=Q 68.d8=Q Qxb3 69.Qdf8 Qg7 70.Qb8 h5 71.Qbxb4 Qd5
72.Qbe4 Qb3 73.Q7e5 Qxe5+ 74.Qxe5 Qe6 75.Qc7 g5 76.Qc2+ Kh6 77.Qc3 f6 78.Qb4 Qe5+
79.Kg1 Qe3+ 80.Kf1 Qf4+ 81.Qxf4 gxf4 82.Ke2 Kg5 83.Kd3 Kh4 84.Ke4 Kg3 85.Kf5 h4
86.Ke4 Kxg2 87.Kxf4 Kxh3 88.Kf3 f5  0-1

[Event "FRA-chT"]
[Site "FRA"]
[Date "1991.??.??"]
[Round "?"]
[White "Papacek, Stepan"]
[Black "Boudre, Jean Pierre"]
[Result "0-1"]
[WhiteElo "2325"]
[BlackElo "2365"]

1.d4 d5 2.Nf3 c6 3.c4 Nf6 4.e3 e6 5.Nc3 Nbd7 6.Be2 Bd6 7.O-O O-O 8.Qc2 dxc4
9.Bxc4 b5 10.Bd3 Bb7 11.h3 Re8 12.Ng5 h6 13.Nge4 Bf8 14.Bd2 a6 15.Nxf6+ Nxf6
16.Ne4 c5 17.Nxf6+ gxf6 18.Be4 Bxe4 19.Qxe4 f5 20.Qf4 cxd4 21.exd4 Bg7 22.Rad1 Rc8
23.Qg3 Kh7 24.Bc3 Qd5 25.Qd3 Rg8 26.g3 Bf8 27.Rfe1 Bd6 28.a3 Rg6 29.Qf1 Rcg8
30.Re5 Bxe5 31.dxe5 Qf3 32.Kh2 Qh5 33.Rd7 R8g7 34.Qd1 Qxd1 35.Rxd1 h5 36.Rd6 f4
37.Be1 Rg5 38.Rxa6 fxg3+ 39.fxg3 Rxe5 40.Bf2 Re2 41.Kg1 Rxb2 42.Rb6 Rb3  0-1

[Event "FRA-chT"]
[Site "FRA"]
[Date "1991.??.??"]
[Round "?"]
[White "Villeneuve, Alain"]
[Black "Chabanon, Jean Luc"]
[Result "1/2-1/2"]
[WhiteElo "2345"]
[BlackElo "2480"]

1.d4 d5 2.c4 c6 3.Nf3 Nf6 4.e3 e6 5.Nc3 Nbd7 6.Bd3 dxc4 7.Bxc4 b5 8.Be2 Bb7
9.O-O b4 10.Na4 c5 11.Nxc5 Nxc5 12.dxc5 Bxc5 13.Qa4+ Ke7 14.Bd2 Qb6 15.a3 a5
16.Rfc1 Rhd8 17.Be1 Ne4 18.Qb5 Bxe3 19.Qxb6 Bxb6 20.axb4 axb4 21.Rxa8 Bxa8
22.Bxb4+ Kf6 23.Be1 g5 24.Rd1 Rc8 25.Nd2 Rc2 26.Bd3 Rxd2 27.Bxd2 Bxf2+ 28.Kf1 Bc5
29.Be1 Ke7 30.b4 Bd6 31.Ra1 Bd5 32.Ra7+ Ke8 33.h3 h5 34.Bb5+ Kf8 35.Be2 Bb8
36.Ra1 h4 37.Bf3 Ke7 38.Ke2 Kd6 39.Rc1 f5 40.Bf2 Nxf2 41.Kxf2 Ba7+ 42.Ke2 Bb3
43.Bc6 e5 44.Rc3 Be6 45.Bb7 Bd7 46.Bc8 Bd4 47.Rc1 Bb5+ 48.Ke1 Bd3 49.Kd2 Be4
50.Re1 Kc6 51.Rxe4  1/2-1/2

[Event "FRA-chT"]
[Site "FRA"]
[Date "1991.??.??"]
[Round "?"]
[White "Neidhardt, Claus Ulrich"]
[Black "Gueneau, Christophe"]
[Result "1-0"]
[WhiteElo "2325"]
[BlackElo "2200"]

1.d4 d5 2.c4 c6 3.Nf3 Nf6 4.Nc3 e6 5.e3 Nbd7 6.Qc2 Bd6 7.b3 O-O 8.Be2 Qe7
9.O-O Re8 10.Bb2 dxc4 11.bxc4 e5 12.Rae1 e4 13.Nd2 Nf8 14.c5 Bc7 15.f3 exf3
16.Bxf3 Ng6 17.Nde4 Nxe4 18.Bxe4 Be6 19.d5 cxd5 20.Nxd5 Qd8 21.Rd1 Qb8 22.Bxg6 Bxh2+
23.Kh1 hxg6 24.Qc3 f6 25.Nxf6+  1-0

[Event "FRA-chT"]
[Site "FRA"]
[Date "1991.??.??"]
[Round "?"]
[White "Miralles, Gilles"]
[Black "Pinter, Jozsef"]
[Result "1/2-1/2"]
[WhiteElo "2470"]
[BlackElo "2565"]

1.c4 Nf6 2.d4 e6 3.Nf3 d5 4.Nc3 c6 5.e3 Nbd7 6.Bd3 dxc4 7.Bxc4 b5 8.Bd3 Bb7
9.e4 b4 10.Na4 c5 11.e5 Nd5 12.O-O h6 13.Be3 a6 14.Rc1 Rc8 15.Bb1 Be7 16.dxc5 Nxe3
17.fxe3 Bxc5 18.Nxc5 Nxc5 19.Qxd8+ Kxd8 20.Nd2 Nd7 21.Nc4 Rf8 22.Nd6 Rxc1
23.Rxc1 Bd5 24.e4 Ba8 25.Rc8+ Ke7 26.Rc7 Rd8 27.Bc2 Kf8 28.Nc4 f6 29.exf6 Nxf6
30.e5 Nd5 31.Ra7 Bc6 32.Nd6 Ra8 33.Rxa8+  1/2-1/2

[Event "FRA-ch"]
[Site "FRA"]
[Date "1991.??.??"]
[Round "12"]
[White "Anic, Darko"]
[Black "Fayard, Alain"]
[Result "1-0"]
[WhiteElo "2410"]
[BlackElo "2285"]

1.c4 c6 2.Nf3 d5 3.d4 Nf6 4.Nc3 e6 5.e3 Nbd7 6.Bd3 dxc4 7.Bxc4 b5 8.Bd3 a6
9.e4 c5 10.d5 c4 11.dxe6 fxe6 12.Bc2 Qc7 13.O-O Be7 14.Qe2 b4 15.e5 bxc3
16.exf6 Nxf6 17.bxc3 O-O 18.Re1 a5 19.Rb1 Ra6 20.Nd4 Bc5 21.Be3 Bxd4 22.Bxd4 Bb7
23.Qe3 Ng4 24.Qh3 Nh6 25.Re5 Nf5 26.Rbe1 Qc8 27.g4 Nh6 28.Rg5 e5 29.Rexe5 Rf7
30.Qe3 Bc6 31.Re7  1-0

[Event "FRA-ch"]
[Site "FRA"]
[Date "1991.??.??"]
[Round "13"]
[White "Kouatly, Bachar"]
[Black "Chabanon, Jean Luc"]
[Result "1/2-1/2"]
[WhiteElo "2485"]
[BlackElo "2435"]

1.d4 d5 2.c4 c6 3.Nc3 Nf6 4.Nf3 e6 5.e3 Nbd7 6.Qc2 Bd6 7.Be2 O-O 8.O-O Re8
9.Rd1 Qe7 10.a3 dxc4 11.Bxc4 h6 12.Bd2 e5 13.Nh4 Nb6 14.Ng6 Qc7 15.dxe5 Nxc4
16.exd6 Nxd6 17.Nf4 Bf5 18.Qc1 Nc4 19.Be1 Rad8 20.Rxd8 Qxd8 21.b3 Ne5 22.Qb2 g5
23.Rd1 Qc8 24.Nfe2 Nd3 25.Qa1 Bg6 26.Ng3 Qe6 27.b4 h5 28.Nce2 h4 29.Nd4 Qd7
30.Nf1 g4 31.Ne2 Nd5 32.Qd4 Qf5 33.Nd2 Nxe1 34.Rxe1 Qd3 35.Qxd3 Bxd3 36.Nd4 f5
37.N2b3 b6 38.Nxc6 f4 39.Nbd4 g3 40.hxg3 hxg3 41.e4 gxf2+ 42.Kxf2 Bxe4 43.Nxa7 Ne3
44.Nab5 Bd5 45.Rc1 Re7 46.Rc8+ Kf7 47.Rc7 Bxg2 48.Nd6+ Kf6 49.Rxe7 Kxe7 50.Nc8+ Kd8
51.Nxb6 Kc7 52.Na4 Bc6 53.Nc5 Ng4+ 54.Ke2 Ne5 55.a4 f3+ 56.Kf1 Bd5 57.Nce6+ Bxe6
58.Nxe6+ Kb6 59.Nc5 Nc6 60.Nd7+ Kc7 61.b5 Kxd7  1/2-1/2

[Event "ISL-ch"]
[Site "Gardabaer"]
[Date "1991.??.??"]
[Round "4"]
[White "Petursson, Margeir"]
[Black "Thorsteins, Karl"]
[Result "0-1"]
[WhiteElo "2515"]
[BlackElo "2480"]

1.d4 d5 2.c4 c6 3.Nc3 Nf6 4.e3 e6 5.Nf3 Nbd7 6.Bd3 dxc4 7.Bxc4 b5 8.Bb3 b4
9.Ne2 Bb7 10.O-O Bd6 11.Nf4 O-O 12.Re1 c5 13.d5 exd5 14.Nxd5 Ne5 15.e4 Nxd5
16.Bxd5 Bxd5 17.exd5 Re8 18.Be3 Qf6 19.b3 Nxf3+ 20.Qxf3 Qxf3 21.gxf3 a5 22.Rac1 a4
23.Kf1 axb3 24.axb3 Rec8 25.Rc4 f6 26.Rec1 Ra5 27.Ke2 Rd8 28.Bxc5 Bxc5 29.Rxc5 Rxd5
30.Rxa5 Rxa5 31.Rc4 Rb5 32.Kd3 Kf7 33.Kd4 Rh5 34.Rxb4 Rh4+ 35.Kc5 Rxh2 36.Rc4 Rxf2
37.Rc3 h5 38.b4 h4 39.b5 h3 40.f4 h2 41.Rh3 g5 42.fxg5 fxg5 43.b6 g4 44.b7 gxh3
45.b8=Q Rf5+ 46.Kd6 Rf6+ 47.Kd7 h1=Q 48.Qb3+ Kg7 49.Qg3+ Rg6 50.Qe5+ Kg8  0-1

[Event "Troll Masters"]
[Site "Gausdal"]
[Date "1991.??.??"]
[Round "2"]
[White "Hoi, Carsten"]
[Black "Stokstad, Petter G"]
[Result "1-0"]
[WhiteElo "2405"]
[BlackElo "2205"]

1.d4 d5 2.Nf3 Nf6 3.c4 e6 4.Nc3 c6 5.e3 Nbd7 6.Bd3 Be7 7.O-O O-O 8.Qe2 c5
9.b3 b6 10.Bb2 Bb7 11.Rfd1 Rc8 12.Rac1 Bd6 13.cxd5 exd5 14.Ba6 Bxa6 15.Qxa6 cxd4
16.Rxd4 Nc5 17.Qe2 Ne6 18.Rdd1 Re8 19.Nb5 Rxc1 20.Rxc1 Bb8 21.Nbd4 Nxd4 22.Nxd4 Qd7
23.Qb5 Be5 24.Qxd7 Nxd7 25.Ba3 Nc5 26.Bxc5 bxc5 27.Nf3 Bd6 28.Rd1 Rd8 29.Kf1 Bc7
30.Ke2 f6 31.Rc1 Bb6 32.Ne1 Kf7 33.Nd3 Rc8 34.Nf4 Rd8 35.Rd1 d4 36.exd4 cxd4
37.Kd3 f5 38.Rc1 g5 39.Ne2 Kf6 40.b4 Rd6 41.a4 a5 42.b5 Ke5 43.Rc8 Kd5 44.h3 f4
45.Ng1 h5 46.Nf3 g4 47.hxg4 hxg4 48.Nd2 g3 49.fxg3 Rg6 50.gxf4 Rxg2 51.Ne4 Rg6
52.Rh8 Rg1 53.Rh5+ Ke6 54.Rh6+ Kd7 55.Rxb6 Rd1+ 56.Ke2  1-0

[Event "Arnold Cup"]
[Site "Gausdal"]
[Date "1991.??.??"]
[Round "4"]
[White "Groenn, Atle"]
[Black "Fant, Goran"]
[Result "1-0"]
[WhiteElo "2365"]
[BlackElo "2235"]

1.Nf3 d5 2.c4 c6 3.d4 Nf6 4.Nc3 e6 5.e3 Nbd7 6.Qc2 Bd6 7.Bd2 a6 8.e4 Bb4
9.e5 Bxc3 10.bxc3 Ne4 11.Bd3 Nxd2 12.Nxd2 Qg5 13.O-O b6 14.f4 Qe7 15.Rab1 Ra7
16.f5 exf5 17.Bxf5 b5 18.cxd5 cxd5 19.e6 Nf6 20.exf7+ Kxf7 21.Rbe1 Qd6 22.Bxh7 Re7
23.Bg6+ Kg8 24.Nf3 Rxe1 25.Rxe1 Qf4 26.Qd2 Qxd2 27.Nxd2 Rh6 28.Bc2 Bd7 29.Nf3 Kf8
30.Ne5 Be8 31.Bf5 Ng8 32.Rf1 Ke7 33.g4 Rh3 34.g5 Rxc3 35.Bh7 Nf6 36.gxf6+ gxf6
37.Ng4 Rc4 38.Ne3 Bd7 39.Nxc4  1-0

[Event "Troll Masters"]
[Site "Gausdal"]
[Date "1991.??.??"]
[Round "5"]
[White "Ernst, Thomas"]
[Black "Svensson, Bengt"]
[Result "1-0"]
[WhiteElo "2500"]
[BlackElo "2400"]

1.d4 d5 2.c4 c6 3.Nc3 Nf6 4.e3 e6 5.Nf3 Nbd7 6.Bd3 dxc4 7.Bxc4 b5 8.Bd3 a6
9.e4 c5 10.d5 c4 11.dxe6 fxe6 12.Bc2 Qc7 13.O-O Bc5 14.Qe2 Ne5 15.Nxe5 Qxe5
16.Kh1 Bb7 17.f4 Qh5 18.Qxh5+ Nxh5 19.e5 g6 20.Be4 O-O-O 21.Bxb7+ Kxb7 22.Ne4 Rd5
23.Bd2 Be7 24.a3 Rd4 25.Rfe1 Rhd8 26.Bb4 Bxb4 27.axb4 Nxf4 28.Nc5+ Kc8 29.Rf1 Nd3
30.Nxe6 Nxb4 31.Nxd4 Rxd4 32.Rf7 Re4 33.Rxh7 Rxe5 34.h4 Re6 35.g4 Nd3 36.Rf1 Re8
37.h5 gxh5 38.gxh5 Nxb2 39.h6 c3 40.Rg7 c2 41.Rc1  1-0

[Event "Peer Gynt"]
[Site "Gausdal"]
[Date "1991.??.??"]
[Round "7"]
[White "Groenn, Atle"]
[Black "Shabalov, Alexander"]
[Result "0-1"]
[WhiteElo "2320"]
[BlackElo "2535"]

1.Nf3 d5 2.d4 c6 3.c4 Nf6 4.Nc3 e6 5.e3 Nbd7 6.Qc2 Bd6 7.e4 Nxe4 8.Nxe4 dxe4
9.Qxe4 c5 10.Bd2 Nf6 11.Qh4 cxd4 12.Qxd4 e5 13.Qe3 O-O 14.h3 Qc7 15.Be2 b6
16.O-O Bb7 17.Qb3 Ne4 18.Be3 Nc5 19.Qc2 a5 20.Rad1 f5 21.Nd2 Ne6 22.Qb3 Bc5
23.Nb1 Qc6 24.f3 Nd4 25.Bxd4 exd4 26.Bd3 Rae8 27.Rfe1 Qg6 28.Bf1 Re3 29.Rxe3 dxe3
30.Be2 Qg3 31.Nc3 Bxf3  0-1

[Event "Peer Gynt"]
[Site "Gausdal"]
[Date "1991.??.??"]
[Round "9"]
[White "Bykhovsky, Avigdor"]
[Black "Sorensen, Bent"]
[Result "1-0"]
[WhiteElo "2500"]
[BlackElo "2305"]

1.d4 d5 2.c4 c6 3.Nf3 Nf6 4.Nc3 e6 5.e3 Nbd7 6.Qc2 Bd6 7.Be2 O-O 8.O-O e5
9.cxd5 Nxd5 10.Nxd5 cxd5 11.dxe5 Nxe5 12.Rd1 Bg4 13.Nxe5 Bxe2 14.Rxd5 Qe7
15.Qxe2 Bxe5 16.e4 Rfd8 17.Rxd8+ Rxd8 18.g3 Qb4 19.Rb1 h6 20.b3 Bc3 21.Qc2 Re8
22.Be3 a6 23.Rd1 Bf6 24.f3 Rd8 25.Rxd8+ Bxd8 26.Qd2 Qe7 27.Qd5 Qc7 28.Bf4 Qc8
29.Qd6 Kh7 30.h4 Ba5 31.b4 Bd8 32.h5 Bf6 33.e5 Bg5 34.Qd3+ Kg8 35.Bxg5 hxg5
36.Kg2 Qe6 37.Qd8+ Kh7 38.Qxg5 Qxa2+ 39.Kh3 Qe6+ 40.g4 b6 41.Qf4 Qd5 42.Kg3 a5
43.bxa5 bxa5 44.Qf5+ Kg8 45.Qc8+ Kh7 46.Qc2+ Kg8 47.f4 Qd4 48.g5 Kf8 49.Qc8+ Ke7
50.Qc7+ Ke8 51.Qc6+ Kf8 52.Qd6+ Qxd6 53.exd6  1-0

[Event "Geneve op"]
[Site "Geneve"]
[Date "1991.??.??"]
[Round "7"]
[White "Chiong, Luiz"]
[Black "Preissmann, Emmanuel"]
[Result "1-0"]
[WhiteElo "2365"]
[BlackElo "2280"]

1.d4 d5 2.c4 e6 3.Nc3 c6 4.e3 Nf6 5.Nf3 Nbd7 6.Qc2 Bd6 7.Be2 O-O 8.O-O dxc4
9.Bxc4 b5 10.Be2 Bb7 11.Rd1 Qc7 12.Bd2 a6 13.Ne4 Nxe4 14.Qxe4 c5 15.Qh4 cxd4
16.Nxd4 Nf6 17.Rac1 Qb6 18.Bf3 Rac8 19.Nb3 Bxf3 20.gxf3 b4 21.e4 Be5 22.Be3 Qb5
23.Nd4 Bxd4 24.Bxd4 e5 25.Be3 Qe2 26.Qh3 g6 27.Bh6 Rxc1 28.Rxc1 Re8 29.Rc6 Qd1+
30.Kg2 Nd7 31.Rc7 f5 32.exf5 Qd6 33.Ra7 Kh8 34.f6 Nxf6 35.Bg7+ Kg8 36.Bxf6 Qxf6
37.Qxh7+ Kf8 38.Qh6+ Kg8 39.Qh7+ Kf8 40.Qh6+ Kg8  1-0

[Event "Geneve op"]
[Site "Geneve"]
[Date "1991.??.??"]
[Round "9"]
[White "Sher, Miron N"]
[Black "Siegel, Georg"]
[Result "1-0"]
[WhiteElo "2450"]
[BlackElo "2300"]

1.c4 c6 2.d4 d5 3.Nc3 Nf6 4.e3 e6 5.Nf3 Nbd7 6.Qc2 Bd6 7.Be2 O-O 8.O-O dxc4
9.Bxc4 e5 10.Bb3 Qe7 11.h3 b6 12.e4 Bb7 13.dxe5 Nxe5 14.Nd4 Ba6 15.Rd1 Bc5
16.Bg5 Bxd4 17.Rxd4 Ng6 18.Rad1 Qe5 19.Qd2 c5 20.Rd6 Nxe4 21.Nxe4 Qxe4 22.Bd5 Qe8
23.Bxa8 Qxa8 24.Rd8 Qe4 25.Re1 Qf5 26.Be7  1-0

[Event "GER CupT"]
[Site "GER"]
[Date "1991.??.??"]
[Round "?"]
[White "Kindl, Peter"]
[Black "Clara, Hans Joachim"]
[Result "1/2-1/2"]
[WhiteElo "2315"]
[BlackElo "2430"]

1.d4 Nf6 2.Nf3 d5 3.c4 c6 4.Nc3 e6 5.e3 a6 6.Bd3 dxc4 7.Bxc4 b5 8.Be2 Bb7
9.O-O Nbd7 10.e4 c5 11.e5 Nd5 12.a4 c4 13.Bg5 Qb6 14.Nxd5 Bxd5 15.axb5 axb5
16.Rxa8+ Bxa8 17.b3 cxb3 18.Qxb3 b4 19.Rc1 Bc6 20.Qa4 Nb8 21.Rxc6 Nxc6 22.Bb5 Kd7
23.Be3 Kc7 24.d5 Bc5 25.Bxc5 Qxc5 26.dxc6 Rb8 27.Qa5+ Qb6 28.Qxb4 Rd8 29.g3 h6
30.Kg2 Kb8 31.Qe7 Qc7 32.Qxc7+ Kxc7 33.Ne1 Rd5 34.Ba4 Rxe5 35.Nd3 Ra5 36.Nb2 Rd5
37.Kf1 Rd2 38.Nc4 Rd4 39.Bb5 Rd5 40.Na3 Re5 41.Kg2 g5 42.h3 h5 43.Kf1 g4
44.hxg4 hxg4 45.Be2 f5 46.Nc4 Rc5 47.Kg2 Kxc6 48.f3 gxf3+ 49.Kxf3 Kd5 50.Kf4 Kd4
51.Nd6 Rc2 52.Bf3 Rf2 53.Nf7 Kc5 54.Ng5 Kd6 55.g4 fxg4 56.Ne4+ Ke7 57.Nxf2 gxf3  1/2-1/2